Организация производства и труда на химических предприятиях. Вып. 1 (Запись № 7705254)

Подробности
000 -МАРКЕР
контрольное поле 01519nam2a22002531 4500
001 - ИДЕНТИФИКАТОР ЗАПИСИ
контрольное поле rc\3334203
005 - ИДЕНТИФИКАТОР ВЕРСИИ
контрольное поле 20250609213715.0
021 ## - НОМЕР ГОСУДАРСТВЕННОЙ РЕГИСТРАЦИИ
Код страны Российская Федерация
Номер [75-58364]
035 ## - ДРУГИЕ СИСТЕМНЫЕ НОМЕРА
Идентификатор записи (NLR Aleph) 007514288
100 ## - ДАННЫЕ ОБЩЕЙ ОБРАБОТКИ
Данные общей обработки 20130115g19741975|||y0rusy50 ca
101 0# - ЯЗЫК РЕСУРСА
Язык текста, звукозаписи и т.д. русский
102 ## - СТРАНА ПУБЛИКАЦИИ ИЛИ ПРОИЗВОДСТВА
Страна публикации Российская Федерация
105 ## - ПОЛЕ КОДИРОВАННЫХ ДАННЫХ: ТЕКСТОВЫЕ МАТЕРИАЛЫ, МОНОГРАФИЧЕСКИЕ
Кодированные данные о монографическом текстовом документе a z |||||
200 0# - ЗАГЛАВИЕ И СВЕДЕНИЯ ОБ ОТВЕТСТВЕННОСТИ
Основное заглавие Вып. 1
210 ## - ПУБЛИКАЦИЯ, РАСПРОСТРАНЕНИЕ И ДР.
Дата издания, распространения и т.д. 1974 [вып. дан. 1975]
Место издания, распространения и т.д. Б. м.
215 ## - ФИЗИЧЕСКАЯ ХАРАКТЕРИСТИКА
Специфическое обозначение материала и объем 40 с., 1 л. схем.
320 ## - ПРИМЕЧАНИЯ О НАЛИЧИИ В ДОКУМЕНТЕ БИБЛИОГРАФИИ / УКАЗАТЕЛЯ
Текст примечания Список лит.: с. 39 (5 назв.)
461 #0 - УРОВЕНЬ НАБОРА
Встроенное поле 001rc\3334202
-- 2001#$aОрганизация производства и труда на химических предприятиях$eКонспект лекций для студентов-заочников хим.-технол. специальностей$eВып. 1-$fМ-во высш. и сред. спец. образования УССР. Укр. заоч. политехн. ин-т$vВып. 1
-- 700#1$aТоряник$bИ.Х.
Системный номер (АБИС) связанной записи 7705252
Автор Торяник, И.Х.
Место публикации Харьков
Дата публикации 1974-
Первые сведения об ответственности М-во высш. и сред. спец. образования УССР. Укр. заоч. политехн. ин-т
Имя издателя, распространителя и т.д. Б. и.
Сведения, относящиеся к заглавию Конспект лекций для студентов-заочников хим.-технол. специальностей : Вып. 1-
Заглавие Организация производства и труда на химических предприятиях
Номер тома Вып. 1
801 #0 - ИСТОЧНИК ЗАПИСИ
Страна Российская Федерация
Организация NLR
Правила каталогизации psbo
801 #1 - ИСТОЧНИК ЗАПИСИ
Страна Российская Федерация
Организация ELAR
Источник данных rusmarc
852 ## - МЕСТОНАХОЖДЕНИЕ И ШИФР ХРАНЕНИЯ
Идентификатор организации NLR
Шифр хранения (Call Number) 75-4/13883
942 ## - ДОПОЛНИТЕЛЬНЫЕ ЭЛЕМЕНТЫ ЗАПИСИ (АБИС)
Тип экземпляра АБИС Книга
980 ## - КОЛЛЕКЦИЯ
Название коллекции Национальная библиография
Экземпляры
Тип экземпляра Дата поступления Библиотека постоянного хранения Библиотека текущего хранения Место хранения Шифр хранения Штрих-код Статус экземпляра
Книга 26.10.2013 РНБ (Московский) РНБ (Московский) Русский книжный фонд: издания с 1957 года 75-4/13883 7514288-10